Statistics for İ ile Başlayan Ülkeler

Click here to take the quiz!

General Stats

  • This quiz has been taken 702 times
  • The average score is 6 of 8

Answer Stats

Ülke% Correct
İrlanda
85%
İzlanda
80%
İran
73%
İspanya
69%
İtalya
69%
İsveç
67%
İsviçre
65%
İsrail
53%

Score Distribution

Percentile by Number Answered

Percent of People with Each Score

Your Score History

You have not taken this quiz